[Event "IECC M email"]
[Site "IECC email"]
[Date "2001.07.06"]
[Round "?"]
[White "Di Loreto, Paolo"]
[Black "Johnson, Bernard S"]
[Result "0-1"]
[WhiteElo "1445"]
[BlackElo "1496"]
[PlyCount "52"]
[EventDate "2001.??.??"]
[EventType "tourn (corr)"]
[EventRounds "6"]
[SourceTitle "Corr 2008"]
[Source "ChessBase"]
[SourceDate "2008.06.24"]
[SourceVersion "1"]
[SourceVersionDate "2008.06.24"]
[SourceQuality "1"]

1. e4 e6 2. d4 d5 3. Nd2 c5 4. c3 cxd4 5. cxd4 dxe4 6. Nxe4 Bb4+ 7. Nc3 Nc6 8. Bb5 Bd7 9. Nf3 Nf6 10. 0-0 0-0 11. Bg5 a6 12. Bd3 Rc8 13. d5 Na5 14. Ne4 exd5 15. Nxf6+ gxf6 16. Bh4 Re8 17. Nd4 Bf8 18. Qh5 h6 19. Bg3 Nc4 20. Bf4 Nxb2 21. Bf5 Bxf5 22. Nxf5 Re4 23. Nxh6+ Bxh6 24. Bxh6 Rcc4 25. f4 Qb6+ 26. Rf2 Rxf4 0-1

[Event "IECC M email"]
[Site "IECC email"]
[Date "1999.12.22"]
[Round "?"]
[White "Jewiss, Mark"]
[Black "Di Loreto, Paolo"]
[Result "0-1"]
[WhiteElo "985"]
[BlackElo "1032"]
[PlyCount "54"]
[EventDate "1999.??.??"]
[EventType "tourn (corr)"]
[EventRounds "6"]
[SourceTitle "Corr 2008"]
[Source "ChessBase"]
[SourceDate "2008.06.24"]
[SourceVersion "1"]
[SourceVersionDate "2008.06.24"]
[SourceQuality "1"]

1. d4 d5 2. Nf3 Nf6 3. Nc3 e6 4. Ne5 c5 5. Bg5 Nbd7 6. Nxd7 Bxd7 7. e3 Be7 8. Bb5 c4 9. Bxd7+ Qxd7 10. 0-0 h6 11. Bxf6 gxf6 12. Qg4 0-0-0 13. b3 Bb4 14. Na4 c3 15. a3 Ba5 16. b4 Qxa4 17. bxa5 Rhg8 18. Rfb1 Rxg4 19. h3 Rg7 20. Rb3 Qxa5 21. Rab1 Rd7 22. g4 f5 23. f3 fxg4 24. fxg4 f5 25. Rf1 fxg4 26. h4 Rdf7 27. Rfb1 Qc7 0-1